[Event "SVM_Verbandsliga_Süd_2023-24"]
[Site "?"]
[Date "2023.11.05"]
[Round "3.2"]
[White "Begri, Robert"]
[Black "Hissen, Tobias"]
[Result "0-1"]
[WhiteElo "2090"]
[BlackElo "1864"]
[PlyCount "126"]
[EventDate "2023.11.05"]
[WhiteTeam "TTC GW Fritzdorf 1"]
[BlackTeam "TuS Strempt 1"]

1. d4 Nf6 2. Bg5 e6 3. e4 Be7 4. e5 Nd5 5. Bxe7 Nxe7 6. f4 c5 7. Qg4 Qb6 8. b3
Qa5+ 9. c3 Nbc6 10. Qxg7 Rg8 11. Qxh7 Nxd4 12. b4 cxb4 13. cxd4 b3+ 14. Nd2 Qc3
15. Rd1 bxa2 16. Ne2 a1=Q 17. Rxa1 Qxa1+ 18. Kf2 Kd8 19. h4 b6 20. h5 Ba6 21.
h6 Bxe2 22. Qxg8+ Nxg8 23. h7 Kc7 24. h8=Q Bxf1 25. Nf3 Qb2+ 26. Kxf1 Qb1+ 27.
Kf2 Qc2+ 28. Kg3 Kb7 29. Qh4 Qg6+ 30. Kf2 Rc8 31. Rd1 Nh6 32. Qe7 Rc7 33. Rd2
Nf5 34. Qg5 d5 35. Qxg6 fxg6 36. g4 Ne7 37. Ng5 Rc6 38. Kg3 b5 39. Kh4 b4 40.
Nf7 Rb6 41. Kg5 Kc7 42. Kf6 Kd7 43. Ra2 a6 44. Ng5 b3 45. Rb2 a5 46. Nf3 a4 47.
Nd2 Rb4 48. f5 exf5 49. e6+ Kd6 50. gxf5 gxf5 51. Rb1 b2 52. Rh1 a3 53. Rh8 Rb7
54. Rd8+ Kc6 55. Ra8 Kd6 56. Rxa3 Nc6 57. Ra6 f4 58. Nb1 f3 59. Ra3 Nxd4 60.
Ra6+ Nc6 61. Ra3 Re7 62. Rxf3 Rxe6+ 63. Kg5 Re1 0-1

[Event "SVM_Verbandsliga_Süd_2023-24"]
[Site "?"]
[Date "2023.11.05"]
[Round "3.3"]
[White "Heinen, Marcus"]
[Black "Kühlwetter, Gerd"]
[Result "1/2-1/2"]
[WhiteElo "1796"]
[BlackElo "1900"]
[PlyCount "27"]
[EventDate "2023.11.05"]
[WhiteTeam "TuS Strempt 1"]
[BlackTeam "TTC GW Fritzdorf 1"]

1. f4 g6 2. Nf3 Bg7 3. e3 Nf6 4. d4 d6 5. Bd3 Nc6 6. c3 e5 7. Nbd2 O-O 8. O-O
Qe7 9. Ne4 Nxe4 10. Bxe4 exf4 11. Bxc6 bxc6 12. exf4 {(=)} Bf5 13. Re1 Qd7 14.
Bd2 1/2-1/2

[Event "SVM_Verbandsliga_Süd_2023-24"]
[Site "?"]
[Date "2023.11.05"]
[Round "3.4"]
[White "Schade, Frederik"]
[Black "Jansen, Marcus"]
[Result "1-0"]
[WhiteElo "1767"]
[BlackElo "1761"]
[PlyCount "59"]
[EventDate "2023.11.05"]
[WhiteTeam "TTC GW Fritzdorf 1"]
[BlackTeam "TuS Strempt 1"]

1. d4 d5 2. c4 c6 3. cxd5 cxd5 4. Bf4 Nc6 5. e3 e6 6. Nc3 Bd6 7. Bxd6 Qxd6 8.
f4 Nf6 9. Nf3 O-O 10. Rc1 Qb4 11. Qc2 Bd7 12. Bd3 Rac8 13. O-O h6 14. Ne5 a6
15. a3 Qe7 16. Qe2 b5 17. g4 Ne8 18. Nxd7 Qxd7 19. g5 hxg5 20. fxg5 g6 21. Qg4
Kg7 22. Rf3 Ne7 23. Rcf1 Nd6 24. Qf4 Rh8 25. Qe5+ Kg8 26. e4 dxe4 27. Nxe4 Nxe4
28. Rxf7 Rh7 29. Rxh7 Kxh7 30. Rf7+ 1-0

[Event "SVM_Verbandsliga_Süd_2023-24"]
[Site "?"]
[Date "2023.11.05"]
[Round "3.5"]
[White "Hoss, Andreas"]
[Black "Pritzkau, Christian"]
[Result "1-0"]
[WhiteElo "1719"]
[BlackElo "1639"]
[PlyCount "71"]
[EventDate "2023.11.05"]
[WhiteTeam "TuS Strempt 1"]
[BlackTeam "TTC GW Fritzdorf 1"]

1. e4 c6 2. d4 d5 3. exd5 cxd5 4. Nf3 Nf6 5. c3 Bg4 6. Be2 e6 7. h3 Bxf3 8.
Bxf3 Bd6 9. Be3 O-O 10. O-O Nbd7 11. Nd2 b5 12. Be2 a6 13. a3 Nb6 14. Qc2 Rc8
15. Rac1 Qc7 16. Qb1 Qb8 17. Bd3 h6 18. Rfe1 Nc4 19. Nf1 Nxe3 20. Nxe3 Nh5 21.
Ng4 Bf4 22. Rcd1 Rfe8 23. Ne5 Nf6 24. g3 Bxe5 25. Rxe5 Nd7 26. Re3 Qd6 27. Rde1
Nb6 28. f4 Nc4 29. Bxc4 dxc4 30. f5 Qd5 31. fxe6 Rxe6 32. Rxe6 fxe6 33. Qg6 Rc6
34. Rf1 Rc7 35. Qe8+ Kh7 36. Rf8 1-0

[Event "SVM_Verbandsliga_Süd_2023-24"]
[Site "?"]
[Date "2023.11.05"]
[Round "3.6"]
[White "Roos Nazario, Valentin"]
[Black "Grant, Hildegard"]
[Result "1-0"]
[WhiteElo "1622"]
[BlackElo "1683"]
[PlyCount "81"]
[EventDate "2023.11.05"]
[WhiteTeam "TTC GW Fritzdorf 1"]
[BlackTeam "TuS Strempt 1"]

1. e4 c5 2. Nf3 Nc6 3. d4 cxd4 4. Nxd4 a6 5. Nc3 e6 6. Be3 g6 7. Qd2 Bg7 8. Be2
Nf6 9. f3 O-O 10. g4 Qc7 11. O-O-O b5 12. h4 Qa5 13. Nb3 Qc7 14. h5 b4 15. Na4
d5 16. hxg6 fxg6 17. g5 Nh5 18. exd5 exd5 19. Qxd5+ Kh8 20. Nd4 Nxd4 21. Bxd4
Bf5 22. Bxg7+ Nxg7 23. Qc4 Qe5 24. Qh4 Nh5 25. Qd4 Qxd4 26. Rxd4 Ng3 27. Rh2
Rfe8 28. Bc4 Re3 29. Rdh4 Nh5 30. Rf2 Rd8 31. b3 Re1+ 32. Kb2 Rdd1 33. Nc3
bxc3+ 34. Kxc3 a5 35. Re2 Ng3 36. Rxe1 Rxe1 37. Kd2 Rg1 38. Rd4 Rg2+ 39. Ke3
Rxc2 40. Rd8+ Kg7 41. Rg8# 1-0

[Event "SVM_Verbandsliga_Süd_2023-24"]
[Site "?"]
[Date "2023.11.05"]
[Round "3.7"]
[White "Bördgen, Markus"]
[Black "Schade, Ulrich"]
[Result "1/2-1/2"]
[WhiteElo "1561"]
[BlackElo "1686"]
[PlyCount "31"]
[EventDate "2023.11.05"]
[WhiteTeam "TuS Strempt 1"]
[BlackTeam "TTC GW Fritzdorf 1"]

1. d4 d5 2. Bf4 Nf6 3. e3 e6 4. Bd3 Bd6 5. Bg3 Bxg3 6. hxg3 Nbd7 7. Nd2 c5 8.
c3 c4 9. Bc2 b5 10. a4 Nb6 11. axb5 Bd7 12. e4 Bxb5 13. e5 Nfd7 14. f4 Qe7 15.
Ngf3 f5 16. g4 {(=)} 1/2-1/2

[Event "SVM_Verbandsliga_Süd_2023-24"]
[Site "?"]
[Date "2023.11.05"]
[Round "3.8"]
[White "Mende, Lukas"]
[Black "Schwarzhoff, Heinz-Jürgen"]
[Result "1-0"]
[WhiteElo "1492"]
[BlackElo "1480"]
[PlyCount "53"]
[EventDate "2023.11.05"]
[WhiteTeam "TTC GW Fritzdorf 1"]
[BlackTeam "TuS Strempt 1"]

1. e4 c5 2. Nf3 Nc6 3. d4 cxd4 4. Nxd4 d6 5. Nc3 a6 6. Be3 g6 7. Qd2 Bg7 8. Bc4
Bd7 9. f3 Nf6 10. g4 h5 11. g5 Nh7 12. h4 Nf8 13. O-O-O Rb8 14. Rhf1 Qc8 15.
Bb3 Ne6 16. Nxc6 Bxc6 17. Bd5 Qd7 18. f4 Nc7 19. f5 Bxd5 20. Nxd5 O-O 21. f6
Nxd5 22. fxg7 Kxg7 23. exd5 Kh7 24. Bd4 Rbc8 25. Rde1 b5 26. Bc3 Rc4 27. Rf4
1-0

[Event "SVM_Verbandsliga_Süd_2023-24"]
[Site "?"]
[Date "2023.11.05"]
[Round "3.1"]
[White "Seidel, Martin"]
[Black "Nenner, Thomas"]
[Result "0-1"]
[WhiteElo "1850"]
[BlackElo "1975"]
[PlyCount "84"]
[EventDate "2023.11.05"]
[WhiteTeam "SV Hennef 1"]
[BlackTeam "VdSF Stadtverw. Bonn 2"]

1. d4 Nf6 2. Bg5 d5 3. e3 Bf5 4. Bd3 Bxd3 5. Qxd3 c6 6. Nd2 Nbd7 7. f4 Qa5 8.
c3 e6 9. Ngf3 Qb5 10. Qxb5 cxb5 11. a3 Bd6 12. Ne5 Nb6 13. Bxf6 gxf6 14. Ng4 f5
15. Ne5 Ke7 16. Kf2 Nc4 17. Nexc4 bxc4 18. Rhg1 Rhg8 19. h3 h5 20. g3 b5 21.
Rae1 a5 22. Nb1 Rab8 23. Kf3 b4 24. axb4 axb4 25. g4 hxg4+ 26. hxg4 fxg4+ 27.
Rxg4 Rxg4 28. Kxg4 bxc3 29. bxc3 Rb2 30. Kf3 f5 31. Rd1 Bc7 32. Rh1 Kd6 33. Na3
Ba5 34. Rc1 Kc6 35. Kg3 Rb3 36. Nb1 Rb2 37. Na3 Ra2 38. Nb1 Ra1 39. Kf2 Bxc3
40. Rxc3 Rxb1 41. Ke2 Rb2+ 42. Kd1 Rb3 0-1

[Event "SVM_Verbandsliga_Süd_2023-24"]
[Site "?"]
[Date "2023.11.05"]
[Round "3.2"]
[White "Falkenberg, Hendrik"]
[Black "Neese, Hans-Joachim"]
[Result "0-1"]
[WhiteElo "1947"]
[BlackElo "1994"]
[PlyCount "98"]
[EventDate "2023.11.05"]
[WhiteTeam "VdSF Stadtverw. Bonn 2"]
[BlackTeam "SV Hennef 1"]

1. d4 Nf6 2. c4 e6 3. g3 d5 4. Bg2 c5 5. cxd5 Nxd5 6. e4 Nb6 7. d5 exd5 8. exd5
Bd6 9. Nf3 O-O 10. O-O Bg4 11. Nc3 Re8 12. Qd3 Na6 13. a3 Qd7 14. Ng5 f5 15. h3
c4 16. Qc2 Bh5 17. g4 Bg6 18. gxf5 Bxf5 19. Be4 Rxe4 20. Ncxe4 h6 21. Ne6 Bh7
22. Bxh6 Nxd5 23. N6g5 Bg6 24. Qxc4 Be5 25. Rad1 Nac7 26. Nc5 Qc6 27. Nf3 Bd6
28. Be3 b6 29. b4 bxc5 30. bxc5 Re8 31. Rc1 Bf8 32. Rfd1 Qe6 33. Rd4 Nxe3 34.
Qxe6+ Nxe6 35. fxe3 Bxc5 36. Rxc5 Nxc5 37. Kf2 Ne4+ 38. Kg2 Nf6 39. Kf2 Ne4+
40. Kg2 Nf6 41. Kf2 Bf5 42. Ra4 Re7 43. Ng5 Ne4+ 44. Nxe4 Bxe4 45. h4 Kh7 46.
Kg3 Bc6 47. Ra6 Bb5 48. Ra5 a6 49. Kf4 Rc7 0-1

[Event "SVM_Verbandsliga_Süd_2023-24"]
[Site "?"]
[Date "2023.11.05"]
[Round "3.3"]
[White "Rasche, Lothar"]
[Black "Höfer, Severin Paul"]
[Result "0-1"]
[WhiteElo "1723"]
[BlackElo "1920"]
[PlyCount "54"]
[EventDate "2023.11.05"]
[WhiteTeam "SV Hennef 1"]
[BlackTeam "VdSF Stadtverw. Bonn 2"]

1. Nf3 c5 2. c4 Nf6 3. Nc3 e6 4. d3 Nc6 5. g3 d5 6. cxd5 exd5 7. d4 cxd4 8.
Nxd4 Qb6 9. e3 Bg4 10. f3 Be6 11. Bg2 Bc5 12. Na4 Bb4+ 13. Bd2 Qa5 14. Nc3 Nxd4
15. exd4 Qb6 16. Ne2 Be7 17. Bc3 O-O 18. O-O Bf5 19. Re1 Rfe8 20. Kh1 h5 21.
Nf4 Bd6 22. Qd2 Qc7 23. Nd3 Bxd3 24. Qxd3 h4 25. f4 Qd7 26. Qf3 Qf5 27. Rf1 h3
0-1

[Event "SVM_Verbandsliga_Süd_2023-24"]
[Site "?"]
[Date "2023.11.05"]
[Round "3.4"]
[White "Mundorf, Andreas"]
[Black "Bursch, Alexander"]
[Result "0-1"]
[WhiteElo "1912"]
[BlackElo "1635"]
[PlyCount "90"]
[EventDate "2023.11.05"]
[WhiteTeam "VdSF Stadtverw. Bonn 2"]
[BlackTeam "SV Hennef 1"]

1. Nf3 c5 2. g3 g6 3. Bg2 Nc6 4. c4 Nf6 5. Nc3 d5 6. cxd5 Nxd5 7. O-O Bg7 8.
Nxd5 Qxd5 9. d3 O-O 10. Be3 Qd6 11. Rc1 Nd4 12. Nd2 Bf5 13. Bxb7 Rab8 14. Bg2
Rxb2 15. Bxd4 Qxd4 16. Nb3 Qa4 17. e4 Qxa2 18. Nxc5 Rd2 19. Qf3 Be6 20. Rfd1
Bd4 21. Rxd2 Qxd2 22. Rd1 Qc2 23. Na6 Bxf2+ 24. Kf1 Bd4 25. Nb4 Qa4 26. Nd5
Bxd5 27. exd5 Rc8 28. Rd2 Rc1+ 29. Ke2 Qa1 30. Qg4 Rg1 31. Qc8+ Kg7 32. Kf3 Bc3
33. Re2 Be5 34. Qc4 Bd6 35. d4 Qb1 36. Kf2 Rc1 37. Qa2 Qb6 38. Qd2 Rb1 39. Qd3
a5 40. Be4 Rb4 41. Qf3 Qxd4+ 42. Kg2 a4 43. h4 Rb3 44. Qg4 f5 45. Bxf5 Rxg3+
0-1

[Event "SVM_Verbandsliga_Süd_2023-24"]
[Site "?"]
[Date "2023.11.05"]
[Round "3.5"]
[White "Rieger, Isabelle"]
[Black "Daniels, Klaus"]
[Result "1-0"]
[WhiteElo "1628"]
[BlackElo "1905"]
[PlyCount "55"]
[EventDate "2023.11.05"]
[WhiteTeam "SV Hennef 1"]
[BlackTeam "VdSF Stadtverw. Bonn 2"]

1. d4 c5 2. d5 e5 3. dxe6 fxe6 4. e4 d5 5. exd5 exd5 6. c4 d4 7. Nf3 Nf6 8. Be2
Nc6 9. O-O Bd6 10. Ne1 O-O 11. Nd3 b6 12. Bf4 Bf5 13. Bxd6 Qxd6 14. Bf3 Rae8
15. Na3 Ne5 16. Nxe5 Rxe5 17. Nc2 Rfe8 18. Ne1 R8e6 19. Nd3 Bxd3 20. Qxd3 Qe7
21. h3 Kh8 22. Rac1 Nh5 23. g3 Qg5 24. Bg4 Re8 25. f4 Qe7 26. fxe5 Qxe5 27.
Bxh5 Qxh5 28. Qf5 1-0

[Event "SVM_Verbandsliga_Süd_2023-24"]
[Site "?"]
[Date "2023.11.05"]
[Round "3.6"]
[White "Moos, Gerd Anton Ferdinand"]
[Black "Hahnbück, Max"]
[Result "1/2-1/2"]
[WhiteElo "1854"]
[BlackElo "1619"]
[PlyCount "49"]
[EventDate "2023.11.05"]
[WhiteTeam "VdSF Stadtverw. Bonn 2"]
[BlackTeam "SV Hennef 1"]

1. d4 Nf6 2. c4 g6 3. Nc3 Bg7 4. e4 d6 5. Be2 O-O 6. Nf3 Nbd7 7. O-O c5 8. d5
Re8 9. h3 Nb6 10. Bf4 Bd7 11. e5 dxe5 12. Bxe5 e6 13. d6 Bc6 14. Qd3 Nbd7 15.
Bh2 a6 16. Ne5 Nxe5 17. Bxe5 Nd7 18. Bxg7 Kxg7 19. Rad1 Qg5 20. Ne4 Qh4 21. f4
h6 22. Qe3 e5 23. Qg3 Qxg3 24. Nxg3 exf4 25. Rxf4 {(=)} 1/2-1/2

[Event "SVM_Verbandsliga_Süd_2023-24"]
[Site "?"]
[Date "2023.11.05"]
[Round "3.7"]
[White "Lichtenberg, Friedrich"]
[Black "Antonioli, Vladimir"]
[Result "0-1"]
[WhiteElo "1581"]
[BlackElo "1773"]
[PlyCount "88"]
[EventDate "2023.11.05"]
[WhiteTeam "SV Hennef 1"]
[BlackTeam "VdSF Stadtverw. Bonn 2"]

1. Nc3 d5 2. d4 Bf5 3. Nf3 e6 4. e3 Nf6 5. g3 c6 6. Bg2 Bd6 7. Nd2 Qa5 8. Nb3
Qc7 9. Nd2 Nbd7 10. e4 dxe4 11. Ndxe4 Nxe4 12. Nxe4 Bxe4 13. Bxe4 Nf6 14. Bg2
O-O-O 15. O-O h5 16. Bg5 h4 17. Qf3 hxg3 18. fxg3 Be7 19. c3 Rd5 20. Qf4 Bd6
21. Qc1 Bxg3 22. hxg3 Qxg3 23. Bf4 Qg6 24. Qb1 Rf5 25. Qc2 Rxf4 26. Qxg6 Rxf1+
27. Rxf1 fxg6 28. Re1 Kd7 29. c4 Rh4 30. Rd1 Kd6 31. b4 Rf4 32. c5+ Kd7 33. a4
Ng4 34. Rd3 Nh6 35. b5 Nf5 36. bxc6+ bxc6 37. a5 Nxd4 38. Bh3 Ke7 39. Re3 Rf3
40. Re4 Rxh3 41. Rxd4 Rc3 42. Rb4 Rxc5 43. Rb7+ Kf6 44. Rxa7 Rc2 0-1

[Event "SVM_Verbandsliga_Süd_2023-24"]
[Site "?"]
[Date "2023.11.05"]
[Round "3.8"]
[White "Ioffe, Leon"]
[Black "Baumgarten, Fred"]
[Result "1-0"]
[WhiteElo "1756"]
[BlackElo "1559"]
[PlyCount "31"]
[EventDate "2023.11.05"]
[WhiteTeam "VdSF Stadtverw. Bonn 2"]
[BlackTeam "SV Hennef 1"]

1. e4 c6 2. d4 d5 3. e5 Bf5 4. h4 h5 5. Bg5 f6 6. Bf4 Qb6 7. Nf3 Qxb2 8. Bd3 e6
9. Bxf5 exf5 10. Nbd2 Qb4 11. O-O b6 12. Re1 Be7 13. exf6 gxf6 14. Qe2 Rh7 15.
Qe6 Rg7 16. Qc8+ 1-0

[Event "SVM_Verbandsliga_Süd_2023-24"]
[Site "?"]
[Date "2023.12.10"]
[Round "4.1"]
[White "Seidel, Martin"]
[Black "Gähler, Cornelius"]
[Result "1/2-1/2"]
[WhiteElo "1838"]
[BlackElo "2067"]
[PlyCount "107"]
[EventDate "2023.12.10"]
[WhiteTeam "SV Hennef 1"]
[BlackTeam "Rheinbacher SF 1"]

1. d4 f5 2. e4 fxe4 3. Nc3 Nf6 4. Bg5 Nc6 5. d5 Ne5 6. Bxf6 exf6 7. Nxe4 f5 8.
Nc3 g6 9. Nf3 Qe7 10. Nxe5 Qxe5+ 11. Qe2 Bg7 12. O-O-O O-O 13. Qc4 b5 14. Qb3
d6 15. Ne2 a5 16. f4 a4 17. Qc3 Qe4 18. Qd3 Re8 19. Qxe4 Rxe4 20. Nc3 Bxc3 21.
bxc3 Rxf4 22. Bxb5 Rf2 23. Rd2 Rxd2 24. Kxd2 Bb7 25. c4 Kf7 26. Kc3 Kf6 27. Re1
g5 28. Re6+ Kf7 29. Re2 f4 30. a3 h5 31. Kd4 Rd8 32. Ke4 Kg6 33. h4 Bc8 34.
hxg5 Kxg5 35. Kd4 Bf5 36. c5 Kg4 37. cxd6 cxd6 38. c4 Rc8 39. Bc6 h4 40. c5
dxc5+ 41. Kxc5 h3 42. gxh3+ Kg3 43. Re8 f3 44. Rxc8 Bxc8 45. d6 f2 46. Bb5 Bxh3
47. Kc6 Kg2 48. d7 Bxd7+ 49. Kxd7 f1=Q 50. Bxf1+ Kxf1 51. Kc6 Ke2 52. Kb5 Kd3
53. Kxa4 Kc4 54. Ka5 1/2-1/2

[Event "SVM_Verbandsliga_Süd_2023-24"]
[Site "?"]
[Date "2023.12.10"]
[Round "4.2"]
[White "Hemmann, Clemens"]
[Black "Schott, Guido"]
[Result "0-1"]
[WhiteElo "1828"]
[BlackElo "2119"]
[PlyCount "42"]
[EventDate "2023.12.10"]
[WhiteTeam "Rheinbacher SF 1"]
[BlackTeam "SV Hennef 1"]

1. c4 f5 2. g3 Nf6 3. Bg2 g6 4. Nf3 Bg7 5. Nc3 d6 6. d4 O-O 7. O-O Qe8 8. d5 a5
9. Nd4 Na6 10. b3 Bd7 11. Bb2 g5 12. Bh3 Qh5 13. Bg2 f4 14. e3 fxg3 15. fxg3
Bg4 16. Bf3 Nc5 17. Ba3 Bxf3 18. Qxf3 Ng4 19. Qe2 Be5 20. Rac1 Nd3 21. Rcd1
Ndf2 0-1

[Event "SVM_Verbandsliga_Süd_2023-24"]
[Site "?"]
[Date "2023.12.10"]
[Round "4.3"]
[White "Neese, Hans-Joachim"]
[Black "Klos, Stephan"]
[Result "1/2-1/2"]
[WhiteElo "1944"]
[BlackElo "1812"]
[PlyCount "71"]
[EventDate "2023.12.10"]
[WhiteTeam "SV Hennef 1"]
[BlackTeam "Rheinbacher SF 1"]

1. d4 b5 2. Bf4 Bb7 3. Nd2 Nf6 4. f3 e6 5. e4 b4 6. Bd3 c5 7. c3 a5 8. a4 Be7
9. Ne2 O-O 10. O-O Nc6 11. Be3 d6 12. Rc1 Rc8 13. g4 Kh8 14. Qe1 bxc3 15. bxc3
cxd4 16. cxd4 Nb4 17. Bb1 Ba6 18. Nb3 Qd7 19. g5 Ng8 20. e5 g6 21. exd6 Rxc1
22. Qxc1 Qxd6 23. Bf4 Qd5 24. Qe3 Bxe2 25. Be4 Qd8 26. Be5+ f6 27. gxf6 Bxf6
28. Qxe2 Bxe5 29. dxe5 Qg5+ 30. Kh1 Qxe5 31. Qb5 Qxb5 32. axb5 Rb8 33. Nxa5
Rxb5 34. Nb3 Nf6 35. Nd4 Rb6 36. Re1 1/2-1/2

[Event "SVM_Verbandsliga_Süd_2023-24"]
[Site "?"]
[Date "2023.12.10"]
[Round "4.4"]
[White "Jonas, Rainer"]
[Black "Kuschel, Olaf"]
[Result "1-0"]
[WhiteElo "1773"]
[BlackElo "1732"]
[PlyCount "55"]
[EventDate "2023.12.10"]
[WhiteTeam "Rheinbacher SF 1"]
[BlackTeam "SV Hennef 1"]

1. d4 d5 2. Nf3 e6 3. e3 Nf6 4. Bd3 Bd6 5. O-O O-O 6. Nbd2 b6 7. b3 Bb7 8. Bb2
c5 9. Ne5 Nc6 10. f4 cxd4 11. exd4 Qc7 12. a3 a6 13. Qf3 Ne7 14. Rae1 b5 15.
Qh3 Qa5 16. b4 Qd8 17. Ndf3 Ne4 18. Ng5 Nxg5 19. fxg5 g6 20. Ng4 h5 21. Nf6+
Kg7 22. Nxh5+ gxh5 23. Qxh5 Nf5 24. Rxf5 exf5 25. Qh6+ Kg8 26. Bxf5 Re8 27.
Qh7+ Kf8 28. Qh8# 1-0

[Event "SVM_Verbandsliga_Süd_2023-24"]
[Site "?"]
[Date "2023.12.10"]
[Round "4.5"]
[White "Bursch, Alexander"]
[Black "Grömping, Franz-Josef"]
[Result "1/2-1/2"]
[WhiteElo "1619"]
[BlackElo "1722"]
[PlyCount "30"]
[EventDate "2023.12.10"]
[WhiteTeam "SV Hennef 1"]
[BlackTeam "Rheinbacher SF 1"]

1. b3 b5 2. e3 Bb7 3. Bb2 Nf6 4. f4 e6 5. Nf3 b4 6. a3 a5 7. Bb5 Be7 8. O-O c5
9. c4 O-O 10. d3 Ng4 11. Qe2 d6 12. h3 Nh6 13. Nbd2 f5 14. Ra2 Nc6 15. Bxc6
Bxc6 1/2-1/2

[Event "SVM_Verbandsliga_Süd_2023-24"]
[Site "?"]
[Date "2023.12.10"]
[Round "4.6"]
[White "Johannlükens, Hartmut"]
[Black "Rieger, Isabelle"]
[Result "1-0"]
[WhiteElo "1892"]
[BlackElo "1628"]
[PlyCount "81"]
[EventDate "2023.12.10"]
[WhiteTeam "Rheinbacher SF 1"]
[BlackTeam "SV Hennef 1"]

1. e4 c5 2. Nf3 Nc6 3. b4 Nxb4 4. c3 Nc6 5. d4 cxd4 6. cxd4 e6 7. Bd3 Qb6 8.
Be3 Qb2 9. Nbd2 Nb4 10. Ne5 Qc3 11. Ke2 f6 12. Rc1 Qa3 13. Ndc4 Qxa2+ 14. Bd2
Nxd3 15. Nxd3 Qa6 16. Ne3 Bd6 17. Ra1 Qb5 18. Ra5 Qc6 19. d5 Qc7 20. Qb3 b6 21.
Ra2 Qd8 22. Nc4 Bc5 23. Nxc5 bxc5 24. d6 f5 25. Qg3 Kf8 26. Bg5 Qe8 27. e5 Bb7
28. Rb2 Bd5 29. Ne3 h6 30. Qh4 c4 31. Rd1 Qf7 32. Rdb1 g6 33. Nxd5 exd5 34.
Rb8+ Rxb8 35. Rxb8+ Kg7 36. Be3 g5 37. Qd4 Qe6 38. Qxa7 Qxe5 39. Qxd7+ Kg6 40.
Rb7 Qf6 41. Bd4 1-0

[Event "SVM_Verbandsliga_Süd_2023-24"]
[Site "?"]
[Date "2023.12.10"]
[Round "4.7"]
[White "Pütz, Peter"]
[Black "Haak, Norbert"]
[Result "1/2-1/2"]
[WhiteElo "1533"]
[BlackElo "1776"]
[PlyCount "63"]
[EventDate "2023.12.10"]
[WhiteTeam "SV Hennef 1"]
[BlackTeam "Rheinbacher SF 1"]

1. Nf3 d6 2. d4 g6 3. b3 Bg7 4. Bb2 c5 5. e3 Nc6 6. Be2 Nh6 7. O-O O-O 8. c4 f5
9. Qc2 e5 10. dxe5 dxe5 11. Rd1 Qe7 12. Nc3 Nb4 13. Qc1 e4 14. Ne1 Be6 15. a3
Nc6 16. Nd5 Qf7 17. Bxg7 Qxg7 18. Qc3 Ne5 19. Rac1 Rae8 20. Qa5 b6 21. Qd2 g5
22. f4 exf3 23. Nxf3 Nhg4 24. Nxe5 Nxe5 25. Rf1 Rd8 26. Rcd1 Kh8 27. Qe1 Rd7
28. e4 fxe4 29. Rxf8+ Qxf8 30. Qg3 Qg7 31. Qe3 Qg6 32. Qg3 1/2-1/2

[Event "SVM_Verbandsliga_Süd_2023-24"]
[Site "?"]
[Date "2023.12.10"]
[Round "4.8"]
[White "Schmerda, Malte"]
[Black "Baumgarten, Fred"]
[Result "1/2-1/2"]
[WhiteElo "1286"]
[BlackElo "1556"]
[PlyCount "96"]
[EventDate "2023.12.10"]
[WhiteTeam "Rheinbacher SF 1"]
[BlackTeam "SV Hennef 1"]

1. d4 Nf6 2. c4 c5 3. d5 e6 4. Nc3 exd5 5. cxd5 d6 6. e4 g6 7. Bg5 Bg7 8. Bb5+
Bd7 9. Qb3 O-O 10. f4 a6 11. Be2 Re8 12. Qxb7 Qa5 13. Bxf6 Bxf6 14. Rc1 Bxc3+
15. Rxc3 Qxa2 16. Qxa8 Qxb2 17. Re3 c4 18. Qa7 Qb4+ 19. Kf2 c3 20. Bd3 Rc8 21.
Ne2 Bg4 22. Qd4 a5 23. Qxb4 axb4 24. Nd4 Nd7 25. Rb1 Nc5 26. Rxb4 Nxd3+ 27.
Rxd3 c2 28. Nxc2 Rxc2+ 29. Kg3 Be2 30. Rdb3 Bf1 31. Rb2 Rc3+ 32. Kf2 Bd3 33.
R4b3 Rxb3 34. Rxb3 Bxe4 35. Rb5 f6 {(=)} 36. g4 g5 37. f5 h5 38. gxh5 Kh7 39.
Rb6 Bxd5 40. Rxd6 Bf7 41. Rxf6 Bxh5 42. Rb6 Kg7 43. Kg3 Kf7 44. Kf2 Bg4 45. f6
Be6 {(=)} 46. Kg3 Kxf6 47. Rxe6+ Kxe6 48. Kg4 Kf6 {(=)} 1/2-1/2

[Event "SVM_Verbandsliga_Süd_2023-24"]
[Site "?"]
[Date "2023.12.10"]
[Round "4.1"]
[White "Nenner, Thomas"]
[Black "Voß, Bela"]
[Result "1-0"]
[WhiteElo "1975"]
[BlackElo "1861"]
[PlyCount "33"]
[EventDate "2023.12.10"]
[WhiteTeam "VdSF Stadtverw. Bonn 2"]
[BlackTeam "TuS Strempt 1"]

1. d4 d5 2. c4 e6 3. Nc3 Nf6 4. Bg5 Nbd7 5. e3 c6 6. Nf3 Be7 7. Qc2 O-O 8. Rd1
Re8 9. Bd3 dxc4 10. Bxc4 a6 11. O-O b5 12. Bd3 Qb6 13. Ne4 h6 14. Bxf6 Nxf6 15.
Ne5 Bb7 16. Nxf6+ Bxf6 17. Bh7+ 1-0

[Event "SVM_Verbandsliga_Süd_2023-24"]
[Site "?"]
[Date "2023.12.10"]
[Round "4.2"]
[White "Hissen, Tobias"]
[Black "Falkenberg, Hendrik"]
[Result "1/2-1/2"]
[WhiteElo "1864"]
[BlackElo "1947"]
[PlyCount "108"]
[EventDate "2023.12.10"]
[WhiteTeam "TuS Strempt 1"]
[BlackTeam "VdSF Stadtverw. Bonn 2"]

1. e4 c5 2. c3 Nf6 3. e5 Nd5 4. Nf3 Nc6 5. Bc4 e6 6. O-O Be7 7. d4 cxd4 8. cxd4
Nb6 9. Bb3 d6 10. Nc3 dxe5 11. dxe5 Nd7 12. Bf4 g5 13. Bg3 g4 14. Nd4 Ndxe5 15.
Nxc6 Qxd1 16. Bxd1 Nxc6 17. Bxg4 O-O 18. Nb5 f5 19. Nc7 Rb8 20. Nxe6 Bxe6 21.
Bxb8 Rxb8 22. Bf3 Bf6 23. Rfe1 Bf7 24. Rad1 Nd4 25. b3 Nxf3+ 26. gxf3 Rc8 27.
Rd7 Rc2 28. a4 Bh4 29. Red1 Bxf2+ 30. Kf1 Bxb3 31. Rxb7 Bb6 32. Rdd7 Bc4+ 33.
Ke1 Re2+ 34. Kd1 Re8 35. Rg7+ Kf8 36. Rxh7 Bd4 37. Kd2 Rd8 38. Ke1 Kg8 39. Rh5
Re8+ 40. Kd2 Be3+ 41. Kc3 Be6 42. Kd3 f4 43. Rg5+ Kf8 44. h4 Rd8+ 45. Ke4 Bf7
46. h5 Rd4+ 47. Kf5 Rxa4 48. h6 Ra5+ 49. Kg4 Be6+ 50. Kh5 Ra1 51. Kg6 Bd4 52.
h7 Rh1 53. Rh5 Rg1+ 54. Rg5 Rh1 1/2-1/2

[Event "SVM_Verbandsliga_Süd_2023-24"]
[Site "?"]
[Date "2023.12.10"]
[Round "4.4"]
[White "Hoss, Andreas"]
[Black "Mundorf, Andreas"]
[Result "1/2-1/2"]
[WhiteElo "1719"]
[BlackElo "1912"]
[PlyCount "78"]
[EventDate "2023.12.10"]
[WhiteTeam "TuS Strempt 1"]
[BlackTeam "VdSF Stadtverw. Bonn 2"]

1. e4 e6 2. d4 d5 3. exd5 exd5 4. Nf3 Nc6 5. c3 Bd6 6. Bd3 Bg4 7. Be3 Nge7 8.
h3 Bh5 9. Nbd2 Qd7 10. Qc2 Bg6 11. Nb3 Nf5 12. Bd2 Nh4 13. Nxh4 Qe7+ 14. Be3
Qxh4 15. Bxg6 hxg6 16. O-O-O Ne7 17. Rde1 O-O-O 18. Qd2 f6 19. g3 Qh5 20. Bf4
Qf3 21. Bxd6 Rxd6 22. Nc5 b6 23. Nd3 g5 24. Qe2 Qxe2 25. Rxe2 Ng6 26. f3 Kd7
27. Kd2 Re6 28. Nf2 Rhe8 29. Rhe1 c5 30. Rxe6 Rxe6 31. Rxe6 Kxe6 32. b3 f5 33.
Kd3 f4 34. g4 Nh4 35. Ke2 Ng2 36. Nd1 Kd6 37. a4 Nh4 38. Nb2 Ng2 39. Nd1 Nh4
1/2-1/2

[Event "SVM_Verbandsliga_Süd_2023-24"]
[Site "?"]
[Date "2023.12.10"]
[Round "4.5"]
[White "Daniels, Klaus"]
[Black "Kirch, Andreas"]
[Result "0-1"]
[WhiteElo "1905"]
[BlackElo "1472"]
[PlyCount "118"]
[EventDate "2023.12.10"]
[WhiteTeam "VdSF Stadtverw. Bonn 2"]
[BlackTeam "TuS Strempt 1"]

1. e4 c5 2. c3 d6 3. d4 cxd4 4. cxd4 a6 5. f4 b5 6. Nf3 Bb7 7. Bd3 Nd7 8. O-O
e6 9. f5 e5 10. Qb3 Be7 11. a4 Ngf6 12. axb5 Bxe4 13. Bxe4 Nxe4 14. bxa6 exd4
15. Nxd4 Nec5 16. Qe3 Nxa6 17. Nc6 Qb6 18. Qxb6 Nxb6 19. Re1 Nc8 20. Nc3 Kd7
21. Nd4 Bf6 22. Be3 Ne7 23. g4 Nc5 24. Rad1 Ra6 25. Ndb5 Nb7 26. Bd4 Bxd4+ 27.
Rxd4 Nc6 28. Rde4 Ne5 29. Rd1 f6 30. Kg2 Rc8 31. h3 Nc5 32. Red4 Rcc6 33. Kg3
Nb3 34. Rd5 Nc4 35. Kf4 Nc5 36. b4 Na4 37. Ne4 Ke7 38. Nd4 Rcb6 39. b5 Ra8 40.
Ne6 g5+ 41. N6xg5 fxg5+ 42. Nxg5 Nc3 43. Re1+ Kf8 44. Rd3 Nxb5 45. Nxh7+ Kg8
46. Re7 Ne5 47. Nf6+ Kf8 48. Rxe5 dxe5+ 49. Kxe5 Rb7 50. g5 Re7+ 51. Kf4 Ra4+
52. Kg3 Nd4 53. Kg4 Ne2+ 54. Kh5 Nf4+ 55. Kh6 Nxd3 56. Ng4 Kg8 57. g6 Rxg4 58.
hxg4 Ne5 59. f6 Nxg4+ 0-1